[Event "13. Int. Neckar-Open"]
[Site "Deizisau"]
[Date "2009.??.??"]
[Round "1"]
[White "Naiditsch, Arkadij"]
[Black "Herzwurm, Robert"]
[Result "1-0"]
[WhiteElo "2700"]
[BlackElo "2127"]
[PlyCount "71"]
[EventDate "2009.??.??"]
[EventCountry "GER"]

1. e4 e6 2. d4 d5 3. Nd2 Nf6 4. e5 Nfd7 5. Bd3 c5 6. c3 Nc6 7. Ne2 cxd4 8. cxd4
f6 9. exf6 Nxf6 10. Nf3 Bd6 11. O-O O-O 12. Bf4 Bxf4 13. Nxf4 Ne4 14. Qc1 Ng5
15. Nxg5 Qxg5 16. Bxh7+ Kxh7 17. Nxe6 Qxc1 18. Nxf8+ Kg8 19. Raxc1 Kxf8 20.
Rfe1 Kf7 21. Re3 Bd7 22. Rc5 Be6 23. Rb3 Nxd4 24. Rxb7+ Kf6 25. Rcc7 Re8 26. h3
Ne2+ 27. Kf1 Nf4 28. Rxa7 d4 29. Ra4 Bd5 30. f3 Nd3 31. Kg1 Nf4 32. Rc2 d3 33.
Rxf4+ Ke5 34. Rcc4 d2 35. Rcd4 Bb7 36. Rg4 1-0

[Event "13. Int. Neckar-Open"]
[Site "Deizisau"]
[Date "2009.??.??"]
[Round "1"]
[White "Nabavi, Parwis"]
[Black "Fedorchuk, Sergey"]
[Result "0-1"]
[WhiteElo "2126"]
[BlackElo "2656"]
[PlyCount "88"]
[EventDate "2009.??.??"]
[EventCountry "GER"]

1. d4 Nf6 2. Nf3 e6 3. Bf4 Nh5 4. Bg3 c5 5. c3 Qb6 6. Qb3 Nc6 7. e3 Nxg3 8.
hxg3 d5 9. Nbd2 Bd7 10. Qxb6 axb6 11. a3 Bd6 12. Bd3 Ke7 13. O-O f5 14. Rac1
Kf6 15. c4 g5 16. Nb3 g4 17. Nfd2 cxd4 18. exd4 h5 19. Rfe1 h4 20. gxh4 Rxh4
21. g3 Rh5 22. Kg2 f4 23. Rh1 f3+ 24. Kg1 Rxh1+ 25. Kxh1 Ne7 26. Kg1 Nf5 27.
Nf1 Ba4 28. Bxf5 exf5 29. Nbd2 dxc4 30. Nxc4 Bc7 31. Nfe3 Rd8 32. b3 Bc6 33.
Rd1 b5 34. Nb2 Be4 35. Rc1 Bb6 36. d5 Bxe3 37. fxe3 Rxd5 38. Rd1 Rc5 39. Nd3
Bxd3 40. Rxd3 Rc2 41. Rd5 Rg2+ 42. Kf1 Rxg3 43. Rxb5 Rh3 44. Rxb7 g3 0-1

[Event "13. Int. Neckar-Open"]
[Site "Deizisau"]
[Date "2009.??.??"]
[Round "1"]
[White "Malakhatko, Vadim"]
[Black "Frey, Werner"]
[Result "1-0"]
[WhiteElo "2618"]
[BlackElo "2125"]
[PlyCount "81"]
[EventDate "2009.??.??"]
[EventCountry "GER"]

1. d4 e6 2. c4 f5 3. Nc3 Nf6 4. Qc2 Bb4 5. e3 b6 6. Bd3 Bb7 7. f3 O-O 8. Nge2
Qe7 9. O-O Bxc3 10. Nxc3 d6 11. Bd2 c5 12. d5 Na6 13. a3 Nc7 14. dxe6 g6 15.
Rae1 Nxe6 16. e4 Nd4 17. Qd1 Qd7 18. Bh6 Rf7 19. exf5 gxf5 20. Ne2 Nxe2+ 21.
Rxe2 Re8 22. Rfe1 Rxe2 23. Qxe2 Bc8 24. Qd2 Kh8 25. Qc3 Qd8 26. Bc2 Kg8 27. Qd2
Kh8 28. Bf4 Re7 29. Rxe7 Qxe7 30. Bxd6 Qe6 31. b3 Kg7 32. h3 Kf7 33. Bf4 Bb7
34. Kf2 Nd7 35. Qd3 Kf6 36. g4 fxg4 37. hxg4 Nf8 38. Bb8 Nd7 39. Qxh7 Nxb8 40.
Qh8+ Kf7 41. Qxb8 1-0

[Event "13. Int. Neckar-Open"]
[Site "Deizisau"]
[Date "2009.??.??"]
[Round "1"]
[White "Schiendorfer, Florian"]
[Black "Graf, Alexander"]
[Result "0-1"]
[WhiteElo "2124"]
[BlackElo "2601"]
[PlyCount "60"]
[EventDate "2009.??.??"]
[EventCountry "GER"]

1. e4 e6 2. d4 d5 3. Nc3 Nc6 4. e5 Nge7 5. Nf3 Nf5 6. a3 Bd7 7. Be3 f6 8. exf6
Qxf6 9. Qd2 h6 10. Be2 g5 11. Nb5 O-O-O 12. g4 Nxe3 13. fxe3 h5 14. Rf1 Qe7 15.
h3 hxg4 16. hxg4 e5 17. Nxe5 Nxe5 18. dxe5 Qxe5 19. Qd4 Qg3+ 20. Kd1 Rh2 21.
Qxa7 Bxg4 22. Nd4 Bxe2+ 23. Nxe2 Qg4 24. Re1 d4 25. Qa8+ Kd7 26. Qa4+ c6 27.
exd4 Re8 28. Qc4 Bd6 29. c3 Qf3 30. Ra2 b5 0-1

[Event "13. Int. Neckar-Open"]
[Site "Deizisau"]
[Date "2009.??.??"]
[Round "1"]
[White "Erdos, Viktor"]
[Black "Blom, Vincent"]
[Result "1-0"]
[WhiteElo "2581"]
[BlackElo "2123"]
[PlyCount "49"]
[EventDate "2009.??.??"]
[EventCountry "GER"]

1. d4 Nf6 2. c4 e6 3. Nc3 Bb4 4. Qc2 O-O 5. Nf3 d5 6. cxd5 exd5 7. Bg5 c6 8. e3
Qd6 9. Bd3 Nbd7 10. a3 Ba5 11. b4 Bd8 12. O-O Re8 13. Na4 h6 14. Bh4 g5 15. Bg3
Qf8 16. Ne5 Nxe5 17. Bxe5 h5 18. b5 cxb5 19. Bxb5 Re6 20. Nc5 Rb6 21. Bd3 Qh6
22. f4 Ng4 23. Rae1 f6 24. fxg5 fxg5 25. Bh7+ 1-0

[Event "13. Int. Neckar-Open"]
[Site "Deizisau"]
[Date "2009.??.??"]
[Round "1"]
[White "Gabriel, Josef"]
[Black "Gyimesi, Zoltan"]
[Result "0-1"]
[WhiteElo "2121"]
[BlackElo "2581"]
[PlyCount "56"]
[EventDate "2009.??.??"]
[EventCountry "GER"]

1. c4 e5 2. Nc3 Nf6 3. g3 Bb4 4. Bg2 O-O 5. Nf3 Nc6 6. O-O e4 7. Ng5 Bxc3 8.
dxc3 Re8 9. Nh3 d6 10. Nf4 Ne5 11. b3 Bf5 12. Nd5 h6 13. Ne3 Bd7 14. h3 Ng6 15.
Kh2 Re5 16. f4 exf3 17. exf3 Bc6 18. Qd4 Qd7 19. Bd2 Rae8 20. Rae1 a5 21. b4 b6
22. b5 Ba8 23. Ng4 Nxg4+ 24. hxg4 Rxe1 25. Bxe1 Re2 26. Bd2 Ne5 27. g5 Bxf3 28.
Rf2 Rxf2 0-1

[Event "13. Int. Neckar-Open"]
[Site "Deizisau"]
[Date "2009.??.??"]
[Round "1"]
[White "Schlosser, Philipp"]
[Black "Karrer, Damian"]
[Result "1-0"]
[WhiteElo "2569"]
[BlackElo "2121"]
[PlyCount "45"]
[EventDate "2009.??.??"]
[EventCountry "GER"]

1. d4 d5 2. c4 Nc6 3. e3 e5 4. cxd5 Qxd5 5. Nc3 Bb4 6. Bd2 Bxc3 7. bxc3 Qd6 8.
Bd3 Nf6 9. Ne2 O-O 10. O-O Be6 11. f3 a6 12. Be1 Nd7 13. Bg3 f6 14. Qb1 g6 15.
c4 Bf7 16. Re1 Rab8 17. a3 Qe7 18. Qc2 Rfd8 19. Bf2 Nb6 20. d5 Qd7 21. e4 Nc8
22. Qc3 b6 23. f4 1-0

[Event "13. Int. Neckar-Open"]
[Site "Deizisau"]
[Date "2009.??.??"]
[Round "1"]
[White "Biegler, Markus"]
[Black "Braun, Arik"]
[Result "0-1"]
[WhiteElo "2113"]
[BlackElo "2564"]
[PlyCount "81"]
[EventDate "2009.??.??"]
[EventCountry "GER"]

1. c4 Nf6 2. Nc3 e6 3. e4 c5 4. e5 Ng8 5. Nf3 Nc6 6. d4 cxd4 7. Nxd4 Nxe5 8.
Ndb5 f6 9. Be3 Nh6 10. Bxh6 gxh6 11. Be2 Qb6 12. Bh5+ Ng6 13. Qd3 Kf7 14. O-O-O
a6 15. Nd6+ Bxd6 16. Qxd6 Qxd6 17. Rxd6 Ke7 18. c5 b5 19. Rhd1 Ra7 20. g3 Rc7
21. b4 Bb7 22. f4 Ra8 23. a3 Bc6 24. Kb2 a5 25. Be2 Rb7 26. Re1 Kf7 27. Bd3 Ne7
28. Be4 f5 29. Bc2 h5 30. Bb3 h4 31. Re3 Rg8 32. Ne2 axb4 33. axb4 Nd5 34. Bxd5
Bxd5 35. Nd4 Ra8 36. Nxf5 Ra2+ 37. Kc3 Rba7 38. Nxh4 R7a3+ 39. Kd4 Ra8 40. Nf5
Bc6 41. Kc3 0-1

[Event "13. Int. Neckar-Open"]
[Site "Deizisau"]
[Date "2009.??.??"]
[Round "2"]
[White "Gyimesi, Zoltan"]
[Black "Scharrer, Patrick"]
[Result "1/2-1/2"]
[WhiteElo "2581"]
[BlackElo "2269"]
[PlyCount "84"]
[EventDate "2009.??.??"]
[EventCountry "GER"]

1. d4 Nf6 2. c4 g6 3. Nc3 Bg7 4. e4 d6 5. h3 O-O 6. Bg5 c5 7. d5 b5 8. cxb5 Qa5
9. Bd2 a6 10. a4 Qb4 11. Bd3 c4 12. Bc2 Nfd7 13. Nge2 Ne5 14. O-O Nbd7 15. Na2
Qc5 16. Be3 Qc7 17. Nd4 Nc5 18. Nb4 axb5 19. axb5 Rxa1 20. Qxa1 Bb7 21. Qa3
Ned7 22. Nbc6 Nb6 23. Qb4 Ra8 24. Nf3 Ra2 25. Rb1 c3 26. Bxc5 dxc5 27. Qxc5
Bxc6 28. bxc6 Rxb2 29. e5 Rxc2 30. d6 exd6 31. exd6 Bf8 32. dxc7 Bxc5 33. Rxb6
Rc1+ 34. Kh2 Bd6+ 35. g3 Bxc7 36. Rb3 Rf1 37. Rxc3 Rxf2+ 38. Kg1 Bb6 39. Kh1
Rf1+ 40. Kg2 Rf2+ 41. Kh1 Rf1+ 42. Kg2 Rf2+ 1/2-1/2

[Event "13. Int. Neckar-Open"]
[Site "Deizisau"]
[Date "2009.??.??"]
[Round "2"]
[White "Aschenbrenner, Robert"]
[Black "Schlosser, Philipp"]
[Result "0-1"]
[WhiteElo "2241"]
[BlackElo "2569"]
[PlyCount "56"]
[EventDate "2009.??.??"]
[EventCountry "GER"]

1. e4 e5 2. Nf3 Nc6 3. Bc4 Bc5 4. c3 Nf6 5. d3 a6 6. Bb3 O-O 7. Bg5 d6 8. Nbd2
Ba7 9. Qe2 Qe7 10. Nf1 Be6 11. Ng3 Bxb3 12. axb3 Qe6 13. b4 Rad8 14. h3 d5 15.
Nh2 h6 16. Bxf6 Qxf6 17. Nf5 Rd7 18. Ng4 Qg6 19. h4 h5 20. b5 axb5 21. Rxa7
Nxa7 22. Nge3 dxe4 23. Rh3 exd3 24. Qd1 d2+ 25. Kf1 f6 26. Rg3 Qh7 27. Qb3+ Kh8
28. Qa3 Rfd8 0-1

[Event "13. Int. Neckar-Open"]
[Site "Deizisau"]
[Date "2009.??.??"]
[Round "2"]
[White "Metz, Hartmut"]
[Black "Naiditsch, Arkadij"]
[Result "1/2-1/2"]
[WhiteElo "2277"]
[BlackElo "2700"]
[PlyCount "74"]
[EventDate "2009.??.??"]
[EventCountry "GER"]

1. e4 c5 2. Nf3 Nf6 3. e5 Nd5 4. Nc3 Nxc3 5. dxc3 Nc6 6. Bd3 g6 7. O-O Bg7 8.
Re1 O-O 9. Bf4 b6 10. Qd2 Bb7 11. Rad1 Qe8 12. Be4 Rd8 13. Bd5 Ba8 14. h4 Kh8
15. h5 gxh5 16. Ng5 f6 17. exf6 Bxf6 18. Qd3 Bxg5 19. Bxg5 Rf7 20. Qh3 d6 21.
Qe6 Ne5 22. Rxe5 dxe5 23. Qxe5+ Rg7 24. Bh6 Qg6 25. Bxg7+ Qxg7 26. Qxh5 Qg6 27.
Qe5+ Qg7 28. Qe4 Qf6 29. Rd3 Rxd5 30. Rxd5 Bxd5 31. Qxd5 Kg7 32. a4 Qf4 33. a5
Qc1+ 34. Kh2 Qf4+ 35. Kg1 Qc1+ 36. Kh2 Qf4+ 37. Kg1 Qc1+ 1/2-1/2

[Event "13. Int. Neckar-Open"]
[Site "Deizisau"]
[Date "2009.??.??"]
[Round "2"]
[White "Corrales Jimenez, Fidel"]
[Black "Kunz, Konstantin"]
[Result "1-0"]
[WhiteElo "2574"]
[BlackElo "2263"]
[PlyCount "82"]
[EventDate "2009.??.??"]
[EventCountry "GER"]

1. d4 Nf6 2. Bg5 e6 3. e4 h6 4. Bxf6 Qxf6 5. Nc3 Bb4 6. Qd2 d6 7. a3 Ba5 8. Nf3
Nc6 9. Bb5 Bd7 10. O-O Rd8 11. Rad1 a6 12. Ba4 b5 13. Bb3 O-O 14. a4 Qg6 15.
Qe3 Ne7 16. axb5 axb5 17. Ne2 Bb6 18. Qf4 Qf6 19. Qxf6 gxf6 20. Nf4 f5 21. Rfe1
fxe4 22. Rxe4 Bc6 23. d5 Nxd5 24. Bxd5 Bxd5 25. Nxd5 exd5 26. Rxd5 Rfe8 27.
Rg4+ Kf8 28. Rd2 Re6 29. Rf4 Rde8 30. Kf1 c5 31. g3 c4 32. b4 cxb3 33. cxb3 Ra8
34. Rd5 Ra1+ 35. Kg2 Ra2 36. Nh4 b4 37. Rdf5 f6 38. Rxb4 Bc5 39. Rb7 Ke8 40.
Rb8+ Kf7 41. Rb7+ Kf8 1-0

[Event "13. Int. Neckar-Open"]
[Site "Deizisau"]
[Date "2009.??.??"]
[Round "2"]
[White "Fedorchuk, Sergey"]
[Black "Van Ketel, Raoul"]
[Result "1-0"]
[WhiteElo "2656"]
[BlackElo "2278"]
[PlyCount "74"]
[EventDate "2009.??.??"]
[EventCountry "GER"]

1. e4 e6 2. d4 d5 3. Nd2 dxe4 4. Nxe4 Nd7 5. Nf3 Ngf6 6. Nxf6+ Nxf6 7. Be3 Nd5
8. Bd2 c5 9. Ne5 a6 10. c4 Nf6 11. Qa4+ Bd7 12. Nxd7 Qxd7 13. Qxd7+ Kxd7 14.
dxc5 Ne4 15. Be3 Bxc5 16. Bd3 Bb4+ 17. Ke2 Nf6 18. Rhd1 Ke7 19. a3 Bd6 20. b4
Rhc8 21. Rac1 h5 22. Rc2 Ng4 23. Bc1 f5 24. Bg5+ Nf6 25. Ke1 Kf7 26. Be2 Bxh2
27. Bf3 Rc7 28. g3 h4 29. Bxh4 Rac8 30. c5 f4 31. Kf1 g5 32. Bxg5 fxg3 33. Kg2
Rh8 34. fxg3 Kg6 35. Bf4 Rch7 36. Re2 Kf7 37. Rh1 Ke8 1-0

[Event "13. Int. Neckar-Open"]
[Site "Deizisau"]
[Date "2009.??.??"]
[Round "2"]
[White "Jacob, Volker"]
[Black "Erdos, Viktor"]
[Result "0-1"]
[WhiteElo "2264"]
[BlackElo "2581"]
[PlyCount "88"]
[EventDate "2009.??.??"]
[EventCountry "GER"]

1. d4 Nf6 2. c4 e6 3. Nc3 Bb4 4. Bg5 h6 5. Bh4 c5 6. d5 Bxc3+ 7. bxc3 d6 8. e3
e5 9. Bd3 e4 10. Bc2 Nbd7 11. Ba4 Qe7 12. Ne2 g5 13. Bg3 Kd8 14. Bxd7 Bxd7 15.
h4 Kc7 16. Nd4 Ng4 17. Ne6+ Bxe6 18. dxe6 Qxe6 19. Qb3 f5 20. O-O-O Ne5 21.
Bxe5 Qxe5 22. Kc2 f4 23. Rd5 Qf6 24. Rb1 b6 25. a4 gxh4 26. a5 Rab8 27. Qb5
Rhg8 28. Ra1 Rb7 29. axb6+ axb6 30. Kb3 Qf7 31. Rad1 Qe7 32. exf4 Ra8 33. Rxd6
Qxd6 34. Rxd6 Kxd6 35. Kc2 Rbb8 36. Qb1 Kc7 37. f5 Rd8 38. Qe1 Ra2+ 39. Kb1
Rdd2 40. Qxe4 Rdb2+ 41. Kc1 Re2 42. Qf4+ Kd7 43. Kb1 Reb2+ 44. Kc1 Rxf2 0-1

[Event "13. Int. Neckar-Open"]
[Site "Deizisau"]
[Date "2009.??.??"]
[Round "2"]
[White "Kniest, Oliver"]
[Black "Malakhatko, Vadim"]
[Result "1/2-1/2"]
[WhiteElo "2270"]
[BlackElo "2618"]
[PlyCount "100"]
[EventDate "2009.??.??"]
[EventCountry "GER"]

1. d4 d5 2. c4 e6 3. Nc3 c6 4. e4 Bb4 5. Bd3 dxe4 6. Bxe4 Nf6 7. Bc2 c5 8. Nf3
Nc6 9. a3 Ba5 10. Be3 cxd4 11. Nxd4 Bxc3+ 12. bxc3 O-O 13. O-O Bd7 14. Nb5 b6
15. Bg5 Ne5 16. Qe2 Ng6 17. Rad1 Qe7 18. h4 Bxb5 19. cxb5 h6 20. h5 hxg5 21.
hxg6 Qxa3 22. gxf7+ Kxf7 23. Rfe1 Rfe8 24. Qd3 Rad8 25. Qg6+ Kf8 26. Qxg5 Qxc3
27. Bg6 Rxd1 28. Rxd1 Rc8 29. Qh4 Ke7 30. Qf4 Qc7 31. Qf3 Rd8 32. Qa3+ Qc5 33.
Qxa7+ Rd7 34. Rxd7+ Nxd7 35. Qa1 Ne5 36. Qb1 Qd4 37. Be4 Ng4 38. Qe1 Qe5 39.
Qb4+ Qd6 40. Qb3 Qc5 41. Qb2 Qe5 42. Qa3+ Qd6 43. Qa7+ Kf6 44. Bf3 Ne5 45. Qa8
Nd3 46. Qe4 Nf4 47. Bg4 Nd5 48. Bh5 Nf4 49. Bg4 Ng6 50. Bh5 Nf4 1/2-1/2

[Event "13. Int. Neckar-Open"]
[Site "Deizisau"]
[Date "2009.??.??"]
[Round "2"]
[White "Graf, Alexander"]
[Black "Schiendorfer, Emanuel"]
[Result "1/2-1/2"]
[WhiteElo "2601"]
[BlackElo "2274"]
[PlyCount "120"]
[EventDate "2009.??.??"]
[EventCountry "GER"]

1. d4 Nf6 2. c4 g6 3. Nc3 Bg7 4. e4 d6 5. Nf3 O-O 6. Be2 e5 7. d5 a5 8. O-O Na6
9. Qc2 Nh5 10. a3 Nc5 11. Be3 f5 12. Nd2 Nf4 13. Bf3 Nd7 14. g3 Nh3+ 15. Kg2
Ng5 16. Bxg5 Qxg5 17. b4 Bh6 18. Rad1 f4 19. Nb5 Qd8 20. c5 dxc5 21. bxc5 Nf6
22. c6 bxc6 23. dxc6 Qe7 24. a4 Kh8 25. Nc4 g5 26. h3 Bxh3+ 27. Kxh3 g4+ 28.
Bxg4 Nxg4 29. f3 Nf6 30. g4 Rg8 31. Qe2 Rg6 32. Nc3 Bg7 33. Nd5 Nxd5 34. exd5
Rh6+ 35. Kg2 Qh4 36. Rg1 e4 37. Qxe4 Qh2+ 38. Kf1 Qh3+ 39. Ke2 Qh2+ 40. Kd3 Qa2
41. Rh1 Rxh1 42. Rxh1 h6 43. Rd1 Rb8 44. Rd2 Qb1+ 45. Ke2 Qg1 46. d6 Qg2+ 47.
Kd3 Qf1+ 48. Qe2 Qb1+ 49. Rc2 Qa1 50. Qe4 Qf1+ 51. Qe2 Qa1 52. Qe6 Qf1+ 53. Ke4
Qb1 54. Kd3 Qf1+ 55. Ke4 Qb1 56. Na3 Qe1+ 57. Kd5 Qd1+ 58. Ke4 Qe1+ (58... Qd4+
$1 59. Kf5 Rf8+ 60. Kg6 Rf6+ $19) 59. Kd5 Qd1+ (59... Qa1 $18) 60. Ke4 Qe1+
1/2-1/2

[Event "13. Int. Neckar-Open"]
[Site "Deizisau"]
[Date "2009.??.??"]
[Round "3"]
[White "Schlosser, Philipp"]
[Black "Koepke, Christian"]
[Result "1/2-1/2"]
[WhiteElo "2569"]
[BlackElo "2364"]
[PlyCount "54"]
[EventDate "2009.??.??"]
[EventCountry "GER"]

1. d4 Nf6 2. c4 g6 3. g3 c5 4. Nf3 Bg7 5. Bg2 O-O 6. O-O cxd4 7. Nxd4 d5 8.
cxd5 Nxd5 9. Nc3 Nxc3 10. bxc3 Qa5 11. Qb3 Nc6 12. Be3 Qa6 13. Rab1 Rd8 14.
Rfd1 Nxd4 15. Bxd4 Bxd4 16. cxd4 Qxe2 17. Re1 Qg4 18. Rxe7 Be6 19. d5 Qg5 20.
Qa3 Bxd5 21. Bxd5 Qxd5 22. Rbxb7 Qd1+ 23. Kg2 Rd3 24. Qb2 Qf3+ 25. Kh3 Qh5+ 26.
Kg2 Qf3+ 27. Kh3 Qh5+ 1/2-1/2

[Event "13. Int. Neckar-Open"]
[Site "Deizisau"]
[Date "2009.??.??"]
[Round "3"]
[White "Becking, Stephan"]
[Black "Fedorchuk, Sergey"]
[Result "0-1"]
[WhiteElo "2400"]
[BlackElo "2656"]
[PlyCount "60"]
[EventDate "2009.??.??"]
[EventCountry "GER"]

1. d4 Nf6 2. Nf3 e6 3. c3 b6 4. Bg5 Bb7 5. Nbd2 h6 6. Bh4 c5 7. e3 Be7 8. h3
O-O 9. Bd3 Nc6 10. a3 Nh5 11. Bxe7 Qxe7 12. Qe2 Rac8 13. g4 Nf6 14. g5 hxg5 15.
Rg1 cxd4 16. cxd4 e5 17. d5 e4 18. dxc6 exd3 19. Qxd3 dxc6 20. Rxg5 Rcd8 21.
Qc3 c5 22. Nh4 g6 23. Nf5 Qe6 24. O-O-O Kh7 25. e4 Bxe4 26. Nxe4 Rxd1+ 27. Kxd1
Rd8+ 28. Nd2 gxf5 29. Kc2 Rd4 30. Qe3 Qxe3 0-1

[Event "13. Int. Neckar-Open"]
[Site "Deizisau"]
[Date "2009.??.??"]
[Round "3"]
[White "Pitl, Gregory"]
[Black "Corrales Jimenez, Fidel"]
[Result "1-0"]
[WhiteElo "2396"]
[BlackElo "2574"]
[PlyCount "77"]
[EventDate "2009.??.??"]
[EventCountry "GER"]

1. d4 Nf6 2. c4 e6 3. g3 c5 4. d5 exd5 5. cxd5 d6 6. Nc3 g6 7. Nf3 Bg7 8. Bg2
O-O 9. O-O Re8 10. h3 a6 11. a4 Nbd7 12. Bf4 Qc7 13. Rc1 Ne4 14. Nxe4 Rxe4 15.
Nd2 Rxf4 16. gxf4 Bxb2 17. Rb1 Bg7 18. Nc4 b6 19. Rb3 Rb8 20. Qb1 Rb7 21. e4
Rb8 22. Re1 Bh6 23. e5 Bxf4 24. e6 fxe6 25. dxe6 Ne5 26. Bd5 Qe7 27. Nxe5 Bxe5
28. Rxb6 Rxb6 29. Qxb6 Kg7 30. Qc6 Qg5+ 31. Kf1 Bh2 32. e7 Bf5 33. Be4 Be6 34.
e8=N+ Kh6 35. Nxd6 Qg1+ 36. Ke2 Qg5 37. Rd1 Qh5+ 38. Bf3 Qe5+ 39. Kf1 1-0

[Event "13. Int. Neckar-Open"]
[Site "Deizisau"]
[Date "2009.??.??"]
[Round "3"]
[White "Burg, Twan"]
[Black "Bachmann"]
[Result "1-0"]
[WhiteElo "2362"]
[BlackElo "2555"]
[PlyCount "79"]
[EventDate "2009.??.??"]
[EventCountry "GER"]

1. e4 g6 2. d4 Bg7 3. Nc3 c6 4. Nf3 d6 5. h3 Nf6 6. Be3 O-O 7. Bd3 Nbd7 8. O-O
e5 9. dxe5 dxe5 10. Qc1 Qe7 11. b3 Re8 12. Rd1 Nc5 13. Qa3 Bf8 14. Bxc5 Qxc5
15. Qxc5 Bxc5 16. a3 Kg7 17. Na4 Bf8 18. Nb2 Nd7 19. c3 f6 20. Nd2 a5 21. a4
Nc5 22. Be2 Rd8 23. Nbc4 Be6 24. Nb6 Rab8 25. Rab1 Nd3 26. Ndc4 Nf4 27. Bf1 Bc5
28. h4 Bg4 29. Rxd8 Rxd8 30. Ne3 Bxb6 31. Nxg4 h5 32. Ne3 Rd2 33. b4 Kh6 34.
bxa5 Bxe3 35. fxe3 Ne6 36. Rxb7 Nc5 37. a6 Ra2 38. Rb6 Rxa4 39. Rxc6 Nxe4 40.
Rc4 1-0

[Event "13. Int. Neckar-Open"]
[Site "Deizisau"]
[Date "2009.??.??"]
[Round "3"]
[White "Erdos, Viktor"]
[Black "Banas, Jan"]
[Result "1-0"]
[WhiteElo "2581"]
[BlackElo "2314"]
[PlyCount "85"]
[EventDate "2009.??.??"]
[EventCountry "GER"]

1. d4 Nf6 2. c4 g6 3. Nc3 d5 4. cxd5 Nxd5 5. e4 Nxc3 6. bxc3 Bg7 7. Bc4 c5 8.
Ne2 O-O 9. O-O Nc6 10. Be3 Na5 11. Bd3 b6 12. Qd2 Bb7 13. Bh6 Qd7 14. Bxg7 Kxg7
15. d5 e6 16. c4 Ba6 17. Rac1 Rad8 18. Rc3 Kg8 19. Qh6 e5 20. f4 f6 21. f5 Qg7
22. Qc1 Bc8 23. Ra3 Kh8 24. Ng3 Rg8 25. fxg6 Qxg6 26. Be2 Rdf8 27. Rf2 Qg5 28.
Qf1 Rg6 29. Kh1 Rh6 30. Nf5 Bxf5 31. Rxf5 Qd2 32. Raf3 Kg7 33. Rxe5 Nb7 34.
Re7+ Rf7 35. Rxf7+ Kxf7 36. e5 Qg5 37. Rf5 Qh4 38. h3 Nd8 39. e6+ Ke7 40. Rf4
Qg3 41. Rg4 Qe5 42. Rg7+ Ke8 43. Qd1 1-0

[Event "13. Int. Neckar-Open"]
[Site "Deizisau"]
[Date "2009.??.??"]
[Round "3"]
[White "Peralta, Fernando"]
[Black "Jorczik, Julian"]
[Result "1-0"]
[WhiteElo "2559"]
[BlackElo "2354"]
[PlyCount "71"]
[EventDate "2009.??.??"]
[EventCountry "GER"]

1. d4 Nf6 2. c4 g6 3. Nc3 Bg7 4. e4 d6 5. Nf3 O-O 6. Be2 Bg4 7. Be3 Nfd7 8. d5
Bxf3 9. Bxf3 Bxc3+ 10. bxc3 e5 11. dxe6 fxe6 12. e5 Qc8 13. Rb1 d5 14. cxd5
Nxe5 15. Be4 c6 16. dxc6 Nbxc6 17. O-O Rf7 18. Qe2 Na5 19. Bd4 Nec6 20. Rfd1
Nxd4 21. cxd4 Rg7 22. Rbc1 Qe8 23. d5 exd5 24. Bxd5+ Kh8 25. Qb2 Nc6 26. Bxc6
bxc6 27. g3 Rc8 28. Rd6 Kg8 29. Qb3+ Rf7 30. Qc4 Qf8 31. Rd7 a5 32. Qe6 Re8 33.
Qxc6 Rxf2 34. Qd5+ Rf7 35. Rf1 Ree7 36. Rd8 1-0

[Event "13. Int. Neckar-Open"]
[Site "Deizisau"]
[Date "2009.??.??"]
[Round "3"]
[White "Miedema, Roi"]
[Black "Braun, Arik"]
[Result "0-1"]
[WhiteElo "2370"]
[BlackElo "2564"]
[PlyCount "114"]
[EventDate "2009.??.??"]
[EventCountry "GER"]

1. d4 Nf6 2. c4 e6 3. Nc3 Bb4 4. Qc2 O-O 5. Nf3 b6 6. e4 Bb7 7. Bd3 Bxc3+ 8.
bxc3 h6 9. O-O d6 10. Nd2 e5 11. f4 Re8 12. Bb2 Nbd7 13. Rf3 Rc8 14. Raf1 c5
15. fxe5 dxe5 16. d5 Rf8 17. Bc1 Ne8 18. Rg3 Nd6 19. Nf3 Kh7 20. Qd2 Rh8 21.
Qe2 Qe7 22. Rh3 Rce8 23. Nh4 Bc8 24. g4 Nf6 25. Nf5 Bxf5 26. gxf5 Kg8 27. Qg2
Kf8 28. Rg3 Qd7 29. Rxg7 Qa4 30. Kh1 Rd8 31. Bxh6 Rxh6 32. Qg5 Rxh2+ 33. Kxh2
Qxa2+ 34. Kg1 Nde8 35. Qg2 Qa3 36. Rg3 Qxc3 37. Rh3 Ke7 38. Rff3 a5 39. Kh2 Nd6
40. Rfg3 Qc1 41. Qf2 Ra8 42. Rg1 Qc3 43. Bb1 Qd4 44. Qxd4 cxd4 45. Bd3 a4 46.
Ra1 Nd7 47. Kg2 Nc5 48. Kf2 a3 49. Ra2 Nxd3+ 50. Rxd3 Nxc4 51. Ke2 b5 52. Rb3
Ra5 53. Kd3 Nb2+ 54. Kc2 d3+ 55. Kd2 Ra4 56. Raxb2 axb2 57. Kxd3 Ra3 0-1

[Event "13. Int. Neckar-Open"]
[Site "Deizisau"]
[Date "2009.??.??"]
[Round "3"]
[White "Bok, Benjamin"]
[Black "Milov, Leonid"]
[Result "0-1"]
[WhiteElo "2346"]
[BlackElo "2539"]
[PlyCount "98"]
[EventDate "2009.??.??"]
[EventCountry "GER"]

1. e4 d5 2. exd5 Qxd5 3. Nc3 Qa5 4. d4 Nf6 5. Nf3 Nc6 6. Bb5 Ne4 7. Bxc6+ bxc6
8. Bd2 Nxc3 9. Bxc3 Qd5 10. O-O Bg4 11. Bb4 Bxf3 12. Qxf3 Qxf3 13. gxf3 a5 14.
Bc5 e6 15. Bxf8 Rxf8 16. Rfe1 Ke7 17. Re5 Rfd8 18. c3 Rd5 19. Rae1 a4 20. f4
Rb8 21. R1e2 g6 22. Kg2 Rdb5 23. Rxb5 Rxb5 24. Kf3 Kd6 25. Ke4 Rh5 26. f3 c5
27. dxc5+ Rxc5 28. Rd2+ Kc6 29. Rd3 Rb5 30. Rd2 f6 31. Ke3 Rc5 32. Rd3 Rh5 33.
Rd2 h6 34. Rg2 g5 35. fxg5 hxg5 36. Rd2 Rh3 37. Rg2 e5 38. b3 a3 39. Ke4 Rh4+
40. Ke3 Kd5 41. Rf2 Ke6 42. b4 f5 43. Rg2 Kf6 44. b5 Rh3 45. Ke2 f4 46. Rf2 g4
47. Kd3 Kf5 48. Kc4 gxf3 49. Kd5 e4 0-1

[Event "13. Int. Neckar-Open"]
[Site "Deizisau"]
[Date "2009.??.??"]
[Round "4"]
[White "Farago, Ivan"]
[Black "Erdos, Viktor"]
[Result "1/2-1/2"]
[WhiteElo "2491"]
[BlackElo "2581"]
[PlyCount "30"]
[EventDate "2009.??.??"]
[EventCountry "GER"]

1. d4 Nf6 2. c4 e6 3. Nf3 b6 4. a3 Ba6 5. Qc2 Bb7 6. Nc3 c5 7. e4 cxd4 8. Nxd4
Bc5 9. Nb3 Nc6 10. Bg5 h6 11. Bh4 Nd4 12. Nxd4 Bxd4 13. Bd3 Qb8 14. Bg3 Be5 15.
O-O Bxg3 1/2-1/2

[Event "13. Int. Neckar-Open"]
[Site "Deizisau"]
[Date "2009.??.??"]
[Round "4"]
[White "Braun, Arik"]
[Black "Fedorovsky, Michael"]
[Result "1/2-1/2"]
[WhiteElo "2564"]
[BlackElo "2432"]
[PlyCount "58"]
[EventDate "2009.??.??"]
[EventCountry "GER"]

1. d4 Nf6 2. c4 e6 3. Nc3 Bb4 4. Qc2 O-O 5. a3 Bxc3+ 6. Qxc3 b6 7. Bg5 Bb7 8.
f3 d5 9. e3 Nbd7 10. cxd5 Nxd5 11. Bxd8 Nxc3 12. Bh4 Nd5 13. Bf2 f5 14. Bb5 c6
15. Ba4 e5 16. Ne2 Rac8 17. O-O-O e4 18. Kd2 N7f6 19. Bg3 c5 20. Be5 Rfd8 21.
Rc1 cxd4 22. Bxd4 f4 23. Rxc8 fxe3+ 24. Bxe3 Bxc8 25. Bb3 Be6 26. Nd4 Nf4 27.
Bc2 Nxg2 28. Bxe4 Nxe3 29. Kxe3 Bd5 1/2-1/2

[Event "13. Int. Neckar-Open"]
[Site "Deizisau"]
[Date "2009.??.??"]
[Round "4"]
[White "Hirneise, Tobias"]
[Black "Swinkels, Robin"]
[Result "1/2-1/2"]
[WhiteElo "2407"]
[BlackElo "2499"]
[PlyCount "71"]
[EventDate "2009.??.??"]
[EventCountry "GER"]

1. e4 c5 2. Nf3 e6 3. d4 cxd4 4. Nxd4 Nc6 5. Nc3 Qc7 6. Be2 a6 7. Be3 b5 8.
Nxc6 Qxc6 9. O-O Bb7 10. Bf3 Qc7 11. e5 Rc8 12. Bxb7 Qxb7 13. Qd3 Ne7 14. Ne4
Nf5 15. c3 Be7 16. Rad1 O-O 17. Bc1 Rfd8 18. Ng3 Nh4 19. Qe4 Qxe4 20. Nxe4 Rc6
21. Rd3 f5 22. Nd2 Ng6 23. Nf3 d5 24. Re1 Bc5 25. Be3 Rdc8 26. Bxc5 Rxc5 27. g3
Nf8 28. Ra1 Rb8 29. b4 Rc7 30. a4 a5 31. bxa5 Ra7 32. axb5 Rxb5 33. a6 Rb6 34.
Rd4 Raxa6 35. Rxa6 Rxa6 36. c4 1/2-1/2